000 01309cam a2200349 a 4500
003 CHAP
005 20220329142128.0
008 990826d1997 mx ab r 00110 spa d
010 _a78873
011 _a79845
020 _a968 444 244 0
035 _a90259
040 _cCHAP
082 0 4 _a500.18
_bR4
100 0 0 _aReza Becerril, Fernando.
_997102
245 1 0 _aCiencia, metodología e investigación
_c/por Fernando Reza Becerril
260 _aMéxico, D.F. :
_bAlhambra,
_c1997.
300 _a455 p. :
_bilus. ; gráfs. ; mapa
590 _aBATCH-UPD
_b10
_c20130110
_lUCH01
_h0408
590 _aBATCH-UPD
_b10
_c20130410
_lUCH01
_h0042
590 _aBATCH-UPD
_b10
_c20130914
_lUCH01
_h0936
590 _aCONVERSION
_b10
_c20130109
_lUCH01
_h1344
650 1 4 _aCiencia
_xMetodología.
_923129
650 1 4 _aInvestigación
_xMetodología.
_960237
901 _aBK
905 _aLilia Sánchez G.
942 _cLIBRO
949 _a500.18 R4
_bBC
_cLIBRO
_d33724000738373
_eLIBRO
_gI.199100
_h96279
_i90259
_si
_t$114.00
949 _a500.18 R4
_bBC
_cLIBRO
_d33724000966107
_eLIBRO
_fc.4
_gI.c/e
_h106542
_i90259
_si
_t$189.00
949 _a500.18 R4
_bBC
_cLIBRO
_d33724000975785
_eLIBRO
_fc.3
_gI.c/e
_h106542
_i90259
_si
_t$189.00
949 _a500.18 R4
_bBC
_cLIBRO
_d33724000975843
_eLIBRO
_fc.2
_gI.c/e
_h106530
_i90259
_si
_t$189.00
999 _c78873
_d78873